00983nam a22002417a 4500003000900000008004100009020001800050040007100068082002100139100003200160245015700192260005600349300005200405440007700457500003400534650001300568650002100581650002000602650002500622650002300647700002900670710004200699AR-CdUCM190220b ||||| |||| 00| 0 spa d a9789972515576 aMUNICIPALIDAD PROVINCIAL DEL CUSCOcBIBLIOTECA MUNICIPAL DEL CUSCO a305.235/U15bU15 aUccelli Labarthe, Francesca aSolo zapatillas de marca :bjóvenes limeños y los límites de la inclusión desde el mercado /cFrancesca Ucelli Labarthe, Mariel García Llorens aLima :bInstituto de Estudios Peruanos, IEP,c2016. a403, [10] páginas. :bilustraciones ;c21 cm. aSerie Urbanización, Migraciones y Cambios en la Sociedad Peruana,n26. zBibliografía: p. [321]-334. aJuventud aMovilidad social aClases sociales aConsumo (Economía) aCultura política aGarcía Llorens, Mariel aInstituto de Estudios Peruanos (Lima)